00691nam a22001937a 450000500170000001000150001702000270003203500140005903700130007308200140008610000200010024500480012026000560016827000730022430000270029794200280032499900190035295201260037120171017144145.0 aENG-121016 c1050.00a9789350233887 aEN-104548 bDBAD/PUB a647.94068 aShirke, Gajanan aHospitality management /cby Gajanan Shirke aNavi MumbaibShroff Publishers & Distributorsc2011 aC-103, T.T.C. Industrial Area, M.I.D.C., PawanebNavi Mumbaie400705 axviii,447p.c23cm(pbk) 2ddccENh647.94068mSHI c146710d146710 001040708NFICaNRbNRd2017-10-17eDBAD/PUBg1050.00l0o647.94068 SHIpEN-104548r2017-10-17 00:00:00t1v1050.00yEN